<?xml version='1.0' encoding='UTF-8'?>
  <record xmlns="http://www.loc.gov/MARC21/slim">
    <leader>00000nem a2200000 i 4500</leader>
    <controlfield tag="001">ocn980447645</controlfield>
    <controlfield tag="003">OCoLC</controlfield>
    <controlfield tag="005">20250403205050.4</controlfield>
    <controlfield tag="008">040902s1771    ne        a     0   dut d</controlfield>
    <datafield tag="040" ind1=" " ind2=" ">
      <subfield code="a">QGJ</subfield>
      <subfield code="b">dut</subfield>
      <subfield code="c">QGJ</subfield>
      <subfield code="d">OCLCO</subfield>
      <subfield code="d">OCLCL</subfield>
      <subfield code="d">OCLCQ</subfield>
    </datafield>
    <datafield tag="035" ind1=" " ind2=" ">
      <subfield code="a">(OCoLC)980447645</subfield>
    </datafield>
    <datafield tag="041" ind1=" " ind2=" ">
      <subfield code="a">dut</subfield>
    </datafield>
    <datafield tag="084" ind1=" " ind2=" ">
      <subfield code="a">74.20</subfield>
      <subfield code="2">bcl</subfield>
    </datafield>
    <datafield tag="100" ind1="1" ind2=" ">
      <subfield code="a">Bolstra, Melchior,</subfield>
      <subfield code="d">1704-1779.</subfield>
      <subfield code="1">https://id.oclc.org/worldcat/entity/E39PCjH4Bfj7fqc39Jk9dCWTwP</subfield>
    </datafield>
    <datafield tag="245" ind1="1" ind2="0">
      <subfield code="a">Kaart van de Oude Maas, omtrent de Lint en Krabbe, met eenige dieptens en concept kribbens, zoo als die met de letters A.B en C, zyn afgetekend, benevens de coers en strekking des vaar waters, zoo van Rotterdam op de Krabbe, als van de Krabbe op Dordrecht: zynde de dieptens in dezen uitgedrukt, Rhynlandsche voeten, en op de hoogte van de ordin.re vloeden gereduceert in Augusty 1770 /</subfield>
      <subfield code="c">door M. Bolstra ; L. Schenk Jansz. sculpsit 1771.</subfield>
    </datafield>
    <datafield tag="255" ind1=" " ind2=" ">
      <subfield code="a">Schaal [ca. 1:5.000].</subfield>
    </datafield>
    <datafield tag="264" ind1=" " ind2="1">
      <subfield code="a">[Den Haag] :</subfield>
      <subfield code="b">[Landsdrukkerij],</subfield>
      <subfield code="c">1771.</subfield>
    </datafield>
    <datafield tag="300" ind1=" " ind2=" ">
      <subfield code="a">-- p. :</subfield>
      <subfield code="b">kopergravure ;</subfield>
      <subfield code="c">31 x 91 cm</subfield>
    </datafield>
    <datafield tag="336" ind1=" " ind2=" ">
      <subfield code="a">cartografische afbeelding</subfield>
      <subfield code="b">cri</subfield>
      <subfield code="2">rdacontent/dut</subfield>
    </datafield>
    <datafield tag="337" ind1=" " ind2=" ">
      <subfield code="a">zonder medium</subfield>
      <subfield code="b">n</subfield>
      <subfield code="2">rdamedia/dut</subfield>
    </datafield>
    <datafield tag="338" ind1=" " ind2=" ">
      <subfield code="a">vel</subfield>
      <subfield code="b">nb</subfield>
      <subfield code="2">rdacarrier/dut</subfield>
    </datafield>
    <datafield tag="500" ind1=" " ind2=" ">
      <subfield code="a">Linksboven: Resol.e 29 Aug. 1771.</subfield>
    </datafield>
    <datafield tag="500" ind1=" " ind2=" ">
      <subfield code="a">Met schaalstok (drie hondert Rhynlandsche roeden).</subfield>
    </datafield>
    <datafield tag="510" ind1="0" ind2=" ">
      <subfield code="a">Van den Brink, 'In een opslag van het oog', 124</subfield>
    </datafield>
    <datafield tag="651" ind1=" " ind2="7">
      <subfield code="a">Maas.</subfield>
      <subfield code="0">(NL-LeOCL)078580315.</subfield>
      <subfield code="2">gtt</subfield>
    </datafield>
    <datafield tag="655" ind1=" " ind2="7">
      <subfield code="a">Kaarten (vorm)</subfield>
      <subfield code="0">(NL-LeOCL)088143554.</subfield>
      <subfield code="2">gtt</subfield>
    </datafield>
    <datafield tag="700" ind1="1" ind2=" ">
      <subfield code="a">Schenk, Leonardus,</subfield>
      <subfield code="d">1732-1800.</subfield>
    </datafield>
    <datafield tag="856" ind1="4" ind2="1">
      <subfield code="u">http://objects.library.uu.nl/reader/resolver.php?obj=002080190&amp;type=2</subfield>
      <subfield code="x">Online</subfield>
      <subfield code="z">Full text</subfield>
    </datafield>
    <datafield tag="936" ind1=" " ind2=" ">
      <subfield code="a">BATCHLOAD</subfield>
    </datafield>
  </record>